| 000 | 00414nam a2200157 a 4500 | ||
|---|---|---|---|
| 001 | 21919 | ||
| 005 | 20180713215740.0 | ||
| 008 | 140415s1948 000 0 spa d | ||
| 041 | _aspa | ||
| 082 |
_a428 _bMEL |
||
| 100 | 1 | _aMELO, SAMUEL | |
| 245 | 1 | 0 | _aVOCABULARIO TECNICO INGLES-ESPAÑOL. |
| 260 |
_a[s.l.] : _bWINDSOR PRESS, _c1948. |
||
| 300 | _a136. | ||
| 650 | 1 | 4 |
_aINGLES _xLENGUAJE _xTECNICO |
| 999 |
_c21919 _d21919 |
||